Vainqueurs des Worlds RLCS - Statistiques

Statistiques générales
  • Ce quiz a été pris 137 fois
    50 depuis la dernière actualisation
  • Le résultat moyen est 6 sur 10
Statistiques - réponses
Saison Vainqueur % Correct
7 Renault Vitality
100%
22-23 Team Vitality
100%
21-22 Team BDS
93%
8 NRG Esports
72%
5 Team Dignitas
70%
6 Cloud9
53%
1 iBUYPOWER
33%
2 FlipSid3 Tactics
28%
4 Gale Force eSports
23%
3 Northern Gaming
23%
Aucun quiz correspondant
Distribution des résultats
% des personnes avec chaque résultat
Percentile par nombre de réponses
Votre historique - résultats
Vous n’avez pas pris ce quiz depuis la dernière actualisation